A compactification of the Bruhat-Tits building

Αποθηκεύτηκε σε:
Λεπτομέρειες βιβλιογραφικής εγγραφής
Κύριος συγγραφέας: Landvogt, Erasmus, 1967-
Μορφή: Βιβλίο
Γλώσσα:English
Δημοσίευση: Berlin ; Heidelberg : Springer, c1996.
Σειρά:Lecture notes in mathematics (Springer-Verlag) ; 1619
Θέματα:
Ετικέτες: Προσθήκη ετικέτας
Δεν υπάρχουν, Καταχωρήστε ετικέτα πρώτοι!

MARC

LEADER 00000cam a2200000 i 4500
001 1/104071
008 000306s1996 eng d
020 |a 3540604278 
035 |l 10058707 
040 |a GR-MY-UA  |b gre  |e aacr 
041 0 |a eng 
082 7 |a 512.55   |2 (22) 
100 1 |a Landvogt, Erasmus,  |d 1967- 
245 1 2 |a A compactification of the Bruhat-Tits building /   |c Erasmus Landvogt. 
260 |a Berlin ; Heidelberg :   |b Springer,   |c c1996. 
300 |a vii, 152 σ. :   |b εικ. ;   |c 24 εκ. 
490 1 |a Lecture notes in mathematics (Springer-Verlag)  |v ; 1619 
504 |a Includes bibliographical references and index. 
650 0 0 |a Linear algebraic groups. 
650 0 0 |a Buildings (Group theory) 
830 0 |a Lecture notes in mathematics (Springer-Verlag)  |v ; 1619 
852 |a INST  |b SAMOS  |e 20000306  |h 512.55 LAN  |p 005300016100  |q 005300016100  |t BK  |y 0 
901 |a BIBL3-2000-1 
909 |a Σ  |b 067542 
922 |a 3ΕΛΗ  |b 199912  |c ΕΠΕΑΕΚ/ΜΑΘ  |d ΠΑΠΑΣΩΤΗΡΙΟΥ 
970 |a ΓΕΝΟΥΖΟΥ  |b ΧΡΥΣΑΝΘΗ  |z 2000/03/06